|
|
|
|
| LEADER |
01034nam a2200277 a 4500 |
| 001 |
3958934 |
| 008 |
090803r1999 ii b 000 1 eng d |
| 010 |
|
|
|a 94006640
|
| 020 |
|
|
|a 8171674410
|
| 040 |
|
|
|a DLC
|c DLC
|d DLC
|
| 082 |
0 |
0 |
|a 823/.912
|2 20
|
| 100 |
1 |
|
|a Wells, H. G.
|q (Herbert George),
|d 1866-1946.
|
| 245 |
1 |
4 |
|a The first men in the moon /
|c H.G. Wells ; with an introduction by Frank Wells.
|
| 260 |
|
|
|a New Delhi :
|b Rupa & co.,
|c 1999.(Reprinted)
|
| 300 |
|
|
|a 256 p. ;
|c 18 cm.
|
| 490 |
0 |
|
|a Rupa classics.
|
| 504 |
|
|
|a Includes bibliographical references (p. 252-256).
|
| 541 |
1 |
|
|e 00015859
|
| 650 |
|
0 |
|a Space flight to the moon
|x Fiction.
|
| 650 |
|
0 |
|a Imperialism
|x Fiction.
|
| 655 |
|
7 |
|a Science fiction.
|2 gsafd
|
| 655 |
|
7 |
|a Satire.
|2 lcsh
|
| 700 |
1 |
|
|a Wells, Frank.
|
| 852 |
4 |
|
|a Ayesha Abed Library
|j General shelf
|
| 999 |
|
|
|c 3019
|d 3019
|
| 952 |
|
|
|0 0
|1 0
|2 ddc
|4 0
|6 823_912000000000000_WEL_2003
|7 0
|9 2734
|a BRACUL
|b BRACUL
|c GEN
|d 2009-08-18
|g 109.00
|l 4
|m 6
|o 823.912 WEL
|p 3010015859
|r 2024-11-02
|s 2024-09-12
|t 1
|w 2009-08-18
|y BK
|